000 01086nam a2200265 4500
003 OSt
005 20260530113841.0
008 260507b1996 mx |||| |||| 00| 0 spa d
020 _a9688533319
040 _aICI
_bspa
_cICI
050 4 _aHD6331
_bR5418
100 1 _aRifkin, Jeremy,
_930255
240 1 0 _aThe end of work the decline of the global labor force and the dawn of the post-market era.
_lEspañol
245 1 3 _aEl fin del trabajo :
_bnuevas tecnologias contra puestos de trabajo : el nacimiento de la nueva era /
_cJeremy Rifkin ; prólogo de Robert L. Heilbroner ; traducción de Guillermo Sanchez
264 1 _bPaidos
_c1996
_aMéxico :
300 _a399 páginas
_c23cm.
336 _atexto
_2rdacontent
337 _asin medio
_2rdamedia
338 _avolumen
_2rdacarrier
500 _aTraduccion de: The end of work the decline of the global labor force and the dawn of the post-market era
650 4 _aDesempleo tecnológico
_930256
700 1 _aHeilbroner, Robert L.,
_eprologuista
_930257
700 1 _aSanchez, Guillermo,
_etraductor
_930258
942 _2lcc
_cBK
999 _c11131
_d11131